000 01616nas1a22003611i 4500
001 RU\NLR\INFOCOMM18\1000051001
005 20240726091711.0
035 _a(NLR Aleph) 002645390
090 _a3822891
_c3822891
100 _a20040108c1990 |||y0rusy50 ca
101 0 _arus
102 _aRU
110 _azyu||||0|y0
200 1 _aВестник новой литературы
_fПодгот. ассоц. "Новая лит."
210 _aМ.
_cПрометей
_d1990-
440 1 _12001#$aВестник новой литературы$eВНЛ
_tВестник новой литературы
712 0 2 _a"Новая литература", ассоциация
_cПетербург
_4570
801 1 _aRU
_bInfoComm
_c20040108
801 0 _aRU
_bNLR
_gPSBO
852 _aNLR
_jП34/902
942 _cSE
980 _aRUSPER